Statistiques concernant Jeux les plus vendus

Cliquez ici pour prendre le quiz!

Statistiques générales

  • Ce quiz a été pris 103 fois
  • Le résultat moyen est 5 sur 22

Statistiques - réponses

Nombres de VentesJeux vidéos% Correct
238 MMinecraft
81%
160 MGTA V
75%
51,81 MMario Kart 8
54%
30,80 MNew Super Mario Bros
51%
40,24 MSuper Mario Bros
48%
37,38 MMario Kart Wii
34%
43 MRed Dead Redemption 2
26%
82,9 MWii Sports
21%
30 MCall Of Duty : Modern Warfare
20%
30 MThe Elder Scrolls V : Skyrim
17%
65 MPUBG
13%
27,5 MGTA San Andreas
12%
30 MDiablo III
9%
31,38 MPokémon Rouge et Bleu
9%
30 MHuman Fall Flat
5%
30 MThe Witcher 3 : Wild Hunt
5%
28,02 MWii Play
5%
37,62 MAnimal Crossing : New Horizons
4%
100 MTetris (EA)
4%
33,14 MWii Sport Resort
4%
28,3 MDuck Hunt
3%
30 MTerraria
3%

Distribution des résultats

Percentile par nombre de réponses

% des personnes avec chaque résultat

Votre développement - résultats

Vous n’avez pas pris ce quiz